Contestación al folleto intitulado carta sobre la creación dirigida al Ilmo. Sr. Dr. D. Ignacio M. Guerra, Obispo de Zacatecas

Detalles Bibliográficos
Autor principal: AMADOR, Juan
Formato: Libro
Publicado: Zacatecas 1867
Materias:
Colección:Banco de datos
Acervo:Biblioteca del Ex Convento de Nuestra Señora de Guadalupe. Zacatecas
Tema general:Apologética
Notas:Buena. XXI,3,19 (6629). Ex libris de Fr. Buenaventura Chávez
LEADER 00784nam a22001930004500
035 |a 44299 
036 |a 5483 
100 1 |a AMADOR, Juan 
245 1 0 |a Contestación al folleto intitulado carta sobre la creación dirigida al Ilmo. Sr. Dr. D. Ignacio M. Guerra, Obispo de Zacatecas 
260 |a Zacatecas  |b Imprenta de F. Villagrana  |c 1867 
500 |a Buena. XXI,3,19 (6629). Ex libris de Fr. Buenaventura Chávez 
650 1 0 |a Apologética 
949 |a CRZ-CG 
959 |a Ex convento de Nuestra Señora de Guadalupe, Museo Regional de Zacatecas, Zacatecas  |b CCC4 
960 |a Convento de Nuestra Señora de Guadalupe, Zacatecas  |b DD87 
961 |a Franciscana  |b OF 
942 |c CRZ-CG 
943 |g Biblioteca del Ex Convento de Nuestra Señora de Guadalupe. Zacatecas 
999 |c 968426  |d 968426